[Event "6th Cattolica Open 2019"]
[Site "Cattolica"]
[Date "2019.06.13"]
[Round "8.5"]
[White "Sonis, Francesco"]
[Black "Repka, Christopher"]
[Result "0-1"]
[WhiteElo "2494"]
[BlackElo "2482"]
[Annotator "ChessBase"]
[PlyCount "108"]
[EventDate "2019.06.08"]
[EventType "swiss"]
[EventCountry "ITA"]
[SourceTitle "playchess.com"]
[Source "ChessBase"]
[SourceQuality "1"]
[TimeControl "40/5400+30:900+30"]

1. c4 {[%emt 0:00:00]} e6 {[%emt 0:03:00]} 2. Nc3 {[%emt 0:00:00]} d5 {[%emt 0:00:09]} 3. d4 {[%emt 0:00:00]} a6 {[%emt 0:00:03]} 4. cxd5 {[%emt 0:00:00]} exd5 {[%emt 0:00:06]} 5. Bf4 {[%emt 0:00:00]} Be6 {[%emt 0:01:29]} 6. e3 {[%emt 0:00:19]} Bd6 {[%emt 0:00:59]} 7. Bd3 {[%emt 0:02:22]} Bxf4 {[%emt 0:02:09]} 8. exf4 {[%emt 0:00:05]} Ne7 {[%emt 0:00:05]} 9. Nf3 {[%emt 0:01:10]} Qd6 {[%emt 0:00:13]} 10. Qd2 {[%emt 0:01:11]} Nbc6 {[%emt 0:09:27]} 11. O-O {[%emt 0:02:28]} O-O {[%emt 0:00:05]} 12. Rfe1 {[%emt 0:02:56]} Bf5 {[%emt 0:00:42]} 13. g3 {[%emt 0:10:31]} Rfe8 {[%emt 0:03:06]} 14. Re3 {[%emt 0:01:57]} Bg4 {[%emt 0:09:10]} 15. Ne5 {[%emt 0:08:11]} Be6 {[%emt 0:05:02]} 16. Bc2 {[%emt 0:06:44]} Nb4 {[%emt 0:01:57]} 17. Ba4 {[%emt 0:07:31]} b5 {[%emt 0:04:05]} 18. a3 {[%emt 0:04:14]} Nf5 {[%emt 0:07:33]} 19. Re2 {[%emt 0:03:22]} bxa4 {[%emt 0:03:50]} 20. axb4 {[%emt 0:00:08]} Qxb4 {[%emt 0:00:13]} 21. Rxa4 {[%emt 0:00:18]} Qb6 {[%emt 0:00:04]} 22. Qd3 {[%emt 0:05:05]} f6 {[%emt 0:07:02]} 23. Nf3 {[%emt 0:05:19]} Nd6 {[%emt 0:01:02]} 24. Ra2 {[%emt 0:03:33]} a5 {[%emt 0:04:40]} 25. Nh4 {[%emt 0:13:09]} Bg4 {[%emt 0:07:16]} 26. f3 {[%emt 0:02:47]} Rxe2 {[%emt 0:00:44]} 27. Nxe2 {[%emt 0:00:11]} Bd7 {[%emt 0:00:14]} 28. Nc3 {[%emt 0:00:49]} Qb3 {[%emt 0:02:37]} 29. Ng2 {[%emt 0:01:31]} Nb5 {[%emt 0:01:42]} 30. Qd2 {[%emt 0:07:17]} Nxc3 {[%emt 0:04:12]} 31. bxc3 {[%emt 0:00:02]} Qb1+ {[%emt 0:00:06]} 32. Kf2 {[%emt 0:00:34]} a4 {[%emt 0:04:33]} 33. Ne1 {[%emt 0:01:17]} a3 {[%emt 0:02:37]} 34. Qc2 {[%emt 0:01:52]} Bf5 {[%emt 0:02:10]} 35. Qxb1 {[%emt 0:00:02]} Bxb1 {[%emt 0:00:07]} 36. Ra1 {[%emt 0:00:01]} a2 {[%emt 0:00:06]} 37. Ke3 {[%emt 0:00:04]} Ra3 {[%emt 0:00:17]} 38. Kd2 {[%emt 0:00:06]} Rb3 {[%emt 0:00:06]} 39. Nd3 {[%emt 0:00:03]} f5 {[%emt 0:01:20]} 40. h4 {[%emt 0:00:00]} Kf7 {[%emt 0:00:00]} 41. g4 {[%emt 0:01:42]} g6 {[%emt 0:01:36]} 42. g5 {[%emt 0:00:24]} Ke7 {[%emt 0:01:40]} 43. Nb4 {[%emt 0:00:13]} Rb2+ {[%emt 0:00:04]} 44. Kc1 {[%emt 0:00:36]} Rh2 {[%emt 0:00:21]} 45. Nxd5+ {[%emt 0:00:56]} Kd6 {[%emt 0:00:04]} 46. Nf6 {[%emt 0:00:04]} Rxh4 {[%emt 0:01:31]} 47. Kd2 {[%emt 0:00:02]} Rxf4 {[%emt 0:00:21]} 48. Ke3 {[%emt 0:00:07]} Rh4 {[%emt 0:00:04]} 49. Kf2 {[%emt 0:00:11]} Rh2+ {[%emt 0:00:28]} 50. Kg3 {[%emt 0:00:02]} Rc2 {[%emt 0:00:06]} 51. Nxh7 {[%emt 0:00:03]} Ke6 {[%emt 0:02:34]} 52. Nf6 {[%emt 0:00:24]} Rxc3 {[%emt 0:00:12]} 53. Kf4 {[%emt 0:00:14]} Rd3 {[%emt 0:00:21]} 54. d5+ {[%emt 0:00:23]} Rxd5 {[%emt 0:00:14] Ke5+ Kxe5} 0-1

[Event "6th Cattolica Open 2019"]
[Site "Cattolica"]
[Date "2019.06.13"]
[Round "8.6"]
[White "Epishin, Vladimir"]
[Black "Kjartansson, Gudmundur"]
[Result "1-0"]
[WhiteElo "2564"]
[BlackElo "2459"]
[Annotator "ChessBase"]
[PlyCount "79"]
[EventDate "2019.06.08"]
[EventType "swiss"]
[EventCountry "ITA"]
[SourceTitle "playchess.com"]
[Source "ChessBase"]
[SourceQuality "1"]
[TimeControl "40/5400+30:900+30"]

1. d4 {[%emt 0:00:00]} d5 {[%emt 0:00:00]} 2. c4 {[%emt 0:00:00]} e6 {[%emt 0:00:00]} 3. Nc3 {[%emt 0:00:28]} c6 {[%emt 0:00:00]} 4. e3 {[%emt 0:00:45]} Nf6 {[%emt 0:00:00]} 5. a3 {[%emt 0:02:48]} Nbd7 {[%emt 0:03:44]} 6. Bd2 {[%emt 0:03:14]} Bd6 {[%emt 0:02:44]} 7. c5 {[%emt 0:00:55]} Bc7 {[%emt 0:01:46]} 8. f4 {[%emt 0:00:12]} Ng8 {[%emt 0:10:26]} 9. Nf3 {[%emt 0:01:13]} f6 {[%emt 0:01:36]} 10. e4 {[%emt 0:01:28]} dxe4 {[%emt 0:02:54]} 11. Nxe4 {[%emt 0:01:20]} Ne7 {[%emt 0:01:05]} 12. Bd3 {[%emt 0:02:34]} Nd5 {[%emt 0:03:19]} 13. g3 {[%emt 0:00:11]} Nf8 {[%emt 0:10:17]} 14. Qe2 {[%emt 0:05:38]} Qe7 {[%emt 0:02:25]} 15. O-O-O {[%emt 0:04:22]} Bd7 {[%emt 0:06:35]} 16. Nc3 {[%emt 0:02:25]} Nxc3 {[%emt 0:02:24]} 17. Bxc3 {[%emt 0:00:03]} Qf7 {[%emt 0:02:30]} 18. Nd2 {[%emt 0:06:36]} Ng6 {[%emt 0:04:41]} 19. Ne4 {[%emt 0:00:23]} Ne7 {[%emt 0:01:12]} 20. Ba5 {[%emt 0:02:06]} Bb8 {[%emt 0:01:20]} 21. Qc2 {[%emt 0:00:59]} Nd5 {[%emt 0:01:29]} 22. Rde1 {[%emt 0:00:46]} b6 {[%emt 0:07:01]} 23. Bd2 {[%emt 0:00:21]} Bc7 {[%emt 0:01:36]} 24. f5 {[%emt 0:09:52]} Kf8 {[%emt 0:09:15]} 25. cxb6 {[%emt 0:10:26]} Bxb6 {[%emt 0:04:38]} 26. fxe6 {[%emt 0:07:20]} Bxe6 {[%emt 0:00:07]} 27. Rhf1 {[%emt 0:00:16]} Qd7 {[%emt 0:04:51]} 28. Ng5 {[%emt 0:01:47]} Bg8 {[%emt 0:01:15]} 29. Bf5 {[%emt 0:02:54]} Qd6 {[%emt 0:00:42]} 30. Ne6+ {[%emt 0:02:18]} Kf7 {[%emt 0:00:11]} 31. Bf4 {[%emt 0:04:23]} Nxf4 {[%emt 0:00:16]} 32. Nxf4 {[%emt 0:00:14]} Bxd4 {[%emt 0:01:37]} 33. Be6+ {[%emt 0:05:49]} Kf8 {[%emt 0:00:10]} 34. Bxg8 {[%emt 0:00:14]} Rxg8 {[%emt 0:00:16]} 35. Ne6+ {[%emt 0:00:45]} Kf7 {[%emt 0:00:05]} 36. Ng5+ {[%emt 0:00:57]} Kf8 {[%emt 0:00:09]} 37. Nxh7+ {[%emt 0:00:34]} Kf7 {[%emt 0:00:03]} 38. Ng5+ {[%emt 0:00:12]} Kf8 {[%emt 0:00:05]} 39. Qg6 {[%emt 0:03:41]} Bxb2+ {[%emt 0:01:00]} 40. Kb1 {[%emt 0:00:00]} 1-0

[Event "6th Cattolica Open 2019"]
[Site "Cattolica"]
[Date "2019.06.13"]
[Round "8.7"]
[White "Kharitonov, Alexandr"]
[Black "Le Goff, Ronan"]
[Result "1-0"]
[WhiteElo "2547"]
[BlackElo "2229"]
[Annotator "RC"]
[PlyCount "111"]
[EventDate "2019.06.08"]
[EventType "swiss"]
[EventCountry "ITA"]
[SourceTitle "playchess.com"]
[Source "ChessBase"]
[SourceQuality "1"]
[TimeControl "40/5400+30:900+30"]

1. d4 {[%emt 0:00:00]} Nf6 {[%emt 0:00:00]} 2. c4 {[%emt 0:00:00]} e6 {[%emt 0:00:00]} 3. Nc3 {[%emt 0:00:00]} d5 {[%emt 0:00:09]} 4. cxd5 {[%emt 0:00:03]} exd5 {[%emt 0:00:08]} 5. Bg5 {[%emt 0:00:15]} Be7 {[%emt 0:00:13]} 6. e3 {[%emt 0:00:19]} c6 {[%emt 0:00:11]} 7. Bd3 {[%emt 0:00:27]} Nbd7 {[%emt 0:00:10]} 8. h3 {[%emt 0:01:00]} Nf8 {[%emt 0:12:32]} 9. Nf3 {[%emt 0:02:00]} Ne6 {[%emt 0:04:56]} 10. Bh4 {[%emt 0:00:18]} g6 {[%emt 0:03:29]} 11. O-O {[%emt 0:00:58]} O-O {[%emt 0:01:21]} 12. Rb1 {[%emt 0:04:11]} a5 {[%emt 0:04:56]} 13. a3 {[%emt 0:00:44]} Ng7 {[%emt 0:01:06]} 14. b4 {[%emt 0:00:43]} axb4 {[%emt 0:03:13]} 15. axb4 {[%emt 0:00:05]} Nf5 {[%emt 0:02:03]} 16. Bg5 {[%emt 0:06:52]} h6 {[%emt 0:06:25]} 17. Bf4 {[%emt 0:02:56]} Bd6 {[%emt 0:07:30]} 18. Bxd6 {[%emt 0:08:53]} Nxd6 {[%emt 0:02:24]} 19. b5 {[%emt 0:00:09]} Nfe4 {[%emt 0:01:34]} 20. Qc2 {[%emt 0:17:23]} Ra3 {[%emt 0:07:11]} 21. Rb3 {[%emt 0:08:33]} Rxb3 {[%emt 0:02:48]} 22. Qxb3 {[%emt 0:00:04]} Qf6 {[%emt 0:02:01]} 23. bxc6 {[%emt 0:05:50]} bxc6 {[%emt 0:01:19]} 24. Be2 {[%emt 0:01:29]} g5 {[%emt 0:02:52]} 25. Nxe4 {[%emt 0:02:58]} Nxe4 {[%emt 0:00:30]} 26. Qb4 {[%emt 0:11:34]} g4 {[%emt 0:02:44]} 27. hxg4 {[%emt 0:00:05]} Bxg4 {[%emt 0:00:12]} 28. Rc1 {[%emt 0:00:12]} Bxf3 {[%emt 0:03:53]} 29. Bxf3 {[%emt 0:01:09]} Ng5 {[%emt 0:00:07]} 30. Bd1 {[%emt 0:05:21]} Ne4 {[%emt 0:00:59]} 31. Qe1 {[%emt 0:01:06]} Ra8 {[%emt 0:00:59]} 32. f3 {[%emt 0:01:43]} Ng5 {[%emt 0:01:54]} 33. Qg3 {[%emt 0:00:17]} Kh8 {[%emt 0:02:20]} 34. Rb1 {[%emt 0:06:39]} Qe7 {[%emt 0:00:31]} 35. Qf4 {[%emt 0:01:27]} Ra3 {[%emt 0:01:18]} 36. Kf2 {[%emt 0:00:41]} Kg7 {[%emt 0:01:58]} 37. Rb6 {[%emt 0:03:13]} Rc3 {[%emt 0:00:30]} 38. Ba4 {[%emt 0:02:48]} Qe6 {[%emt 0:01:53]} 39. Qe5+ {[%emt 0:05:28]} Qxe5 {[%emt 0:00:09]} 40. dxe5 {[%emt 0:00:00]} c5 {[%emt 0:00:00]} 41. Rd6 {[%emt 0:00:30]} d4 {[%emt 0:01:07]} 42. exd4 {[%emt 0:00:21]} Rc4 {[%emt 0:00:09]} 43. Bb5 {[%emt 0:02:28]} Rb4 {[%emt 0:00:37]} 44. Bd3 {[%emt 0:00:41]} cxd4 {[%emt 0:01:29]} 45. Bf5 {[%emt 0:00:19]} h5 {[%emt 0:04:49]} 46. f4 {[%emt 0:01:01]} d3 {[%emt 0:02:59]} 47. Ke3 {[%emt 0:02:07]} Nh7 {[%emt 0:01:11]} 48. Bxd3 {[%emt 0:00:36]} Nf8 {[%emt 0:00:48]} 49. f5 {[%emt 0:00:44]} Rg4 {[%emt 0:00:29]} 50. Be4 {[%emt 0:00:38]} h4 {[%emt 0:00:24]} 51. Kf3 {[%emt 0:02:40]} Rg3+ {[%emt 0:00:18]} 52. Kf4 {[%emt 0:00:04]} Nh7 {[%emt 0:00:39]} 53. f6+ {[%emt 0:00:37]} Kg8 {[%emt 0:00:48]} 54. Rd3 {[%emt 0:00:29]} Rxd3 {[%emt 0:00:41]} 55. Bxd3 {[%emt 0:00:03]} Nf8 {[%emt 0:00:07]} 56. Bf5 {[%emt 0:00:06]} 1-0

[Event "6th Cattolica Open 2019"]
[Site "Cattolica"]
[Date "2019.06.13"]
[Round "8.8"]
[White "Arjun Kalyan"]
[Black "Solomon, Kenny"]
[Result "1-0"]
[WhiteElo "2484"]
[BlackElo "2383"]
[Annotator "TA"]
[PlyCount "71"]
[EventDate "2019.06.08"]
[EventType "swiss"]
[EventCountry "ITA"]
[SourceTitle "playchess.com"]
[Source "ChessBase"]
[SourceQuality "1"]

{[%evp 20,75,0,0,27,14,35,31,25,22,0,22,22,14,32,22,29,26,31,30,23,-77,55,32,74,0,0,0,0,0,0,-44,-43,-42,-38,-40,-41,-152,-85,-85,-95,-205,-200,-238,-58,-58,-58,-58,-58,-59,8,8,11,0,126,126,975,847]} 1. e4 c5 2. Nf3 d6 3. d4 cxd4 4. Nxd4 Nf6 5. Nc3 a6 6. Be3 e6 7. f3 b5 8. a3 $146 ({Predecessor:} 8. Qd2 Nbd7 9. g4 h6 10. a3 {1-0 (29) Jakovenko,D (2719)-Xu,Y (2532) China 2019}) 8... Bb7 9. Qd2 Nbd7 10. g4 h6 11. O-O-O Rc8 {B80: Sicilian Scheveningen: 6 g3 and 6 Be3, including English Attack} 12. h4 d5 13. Rg1 dxe4 {White is slightly better.} 14. g5 hxg5 15. hxg5 Nd5 {Strongly threatening ...Rxc3!} 16. Nxe4 g6 17. Bf2 b4 18. axb4 Bxb4 19. c3 Qa5 {[%cal Rd5c3]} 20. Kb1 (20. Nc2 $1 $11 {was the only way to keep the balance.}) 20... Be7 (20... Nxc3+ $1 $17 21. Nxc3 Bxc3 22. bxc3 Bd5) 21. Bd3 Ne5 22. Rh1 (22. Be2 $16) 22... Rxh1 $1 $11 23. Rxh1 Nxd3 24. Qxd3 Nf4 $1 {[%csl LRd3,LRg5]} 25. Qc2 Nh5 26. Nxe6 fxe6 27. Nf6+ $1 {[%mdl 64] Discovered Attack} Kf7 ({Reject} 27... Nxf6 $6 28. gxf6 Qf5 29. fxe7 $14) 28. Nxh5 (28. Rxh5 $1 $15 Bxf6 {[%mdl 64] Pin} 29. Rh6 $1 {[%mdl 512]}) 28... gxh5 ({Better is} 28... Rh8 29. Ng3 Rxh1+ 30. Nxh1 Qxg5) 29. Rxh5 $17 {[#]} Ke8 $1 30. Rh8+ (30. c4 $17 Qf5 31. Rh8+ Kd7 32. Qxf5 exf5 33. Rxc8 Bxc8 34. f4) 30... Kd7 $19 31. Rh7 Qxg5 $2 (31... Bxf3 $19 {Hoping for ...Qd5.} 32. g6 Qf5 33. Qxf5 exf5) 32. Bh4 $1 $15 {[%cal Rh4g5]} Qg1+ 33. Ka2 Bd5+ 34. b3 Re8 ({Black should try} 34... Rg8 $1 $15 35. Bxe7 (35. Rxe7+ $2 Kd6 $19) 35... Rg2 36. Bc5+ {[#]} Kc6 $1 {[%mdl 512]} 37. Bxg1 Rxc2+ 38. Ka3 Rxc3) 35. c4 $36 {[%mdl 2048] White is pushing.} Qc5 {...Bc6 is the strong threat.} 36. Qd1 {Played: Qc2-d3} 1-0

[Event "6th Cattolica Open 2019"]
[Site "Cattolica"]
[Date "2019.06.13"]
[Round "8.9"]
[White "Yankelevich, Lev"]
[Black "Corvi, Marco"]
[Result "1-0"]
[WhiteElo "2484"]
[BlackElo "2253"]
[Annotator "ChessBase"]
[PlyCount "81"]
[EventDate "2019.06.08"]
[EventType "swiss"]
[EventCountry "ITA"]
[SourceTitle "playchess.com"]
[Source "ChessBase"]
[SourceQuality "1"]
[TimeControl "40/5400+30:900+30"]

1. d4 {[%emt 0:00:00]} Nf6 {[%emt 0:00:00]} 2. c4 {[%emt 0:00:00]} g6 {[%emt 0:00:00]} 3. Nc3 {[%emt 0:00:00]} Bg7 {[%emt 0:00:00]} 4. e4 {[%emt 0:00:00]} d6 {[%emt 0:00:00]} 5. h3 {[%emt 0:01:19]} O-O {[%emt 0:01:02]} 6. Be3 {[%emt 0:01:11]} Nc6 {[%emt 0:01:24]} 7. d5 {[%emt 0:03:02]} Nb4 {[%emt 0:00:53]} 8. Nf3 {[%emt 0:02:43]} c6 {[%emt 0:09:34]} 9. Be2 {[%emt 0:04:57]} Nd7 {[%emt 0:10:03]} 10. O-O {[%emt 0:03:35]} Qc7 {[%emt 0:13:56]} 11. Bd4 {[%emt 0:03:14]} Ne5 {[%emt 0:05:23]} 12. Nxe5 {[%emt 0:02:11]} Bxe5 {[%emt 0:00:30]} 13. Bxe5 {[%emt 0:00:49]} dxe5 {[%emt 0:00:02]} 14. a3 {[%emt 0:00:24]} Na6 {[%emt 0:00:21]} 15. b4 {[%emt 0:00:10]} c5 {[%emt 0:09:04]} 16. Rb1 {[%emt 0:07:11]} Qd8 {[%emt 0:06:33]} 17. Qd2 {[%emt 0:00:50]} Bd7 {[%emt 0:03:26]} 18. Qe3 {[%emt 0:10:13]} Rc8 {[%emt 0:02:22]} 19. b5 {[%emt 0:01:18]} Nc7 {[%emt 0:03:42]} 20. f4 {[%emt 0:00:36]} exf4 {[%emt 0:00:14]} 21. Qxf4 {[%emt 0:00:17]} Ne8 {[%emt 0:00:41]} 22. e5 {[%emt 0:00:57]} Ng7 {[%emt 0:03:31]} 23. g4 {[%emt 0:01:05]} f6 {[%emt 0:05:17]} 24. e6 {[%emt 0:06:20]} g5 {[%emt 0:05:19]} 25. Qg3 {[%emt 0:04:19]} Be8 {[%emt 0:00:05]} 26. Bd3 {[%emt 0:01:14]} Kh8 {[%emt 0:03:14]} 27. Rbe1 {[%emt 0:06:17]} Qa5 {[%emt 0:01:16]} 28. Be4 {[%emt 0:07:26]} Rd8 {[%emt 0:04:33]} 29. h4 {[%emt 0:01:06]} gxh4 {[%emt 0:05:47]} 30. Qxh4 {[%emt 0:02:57]} Bh5 {[%emt 0:00:01]} 31. Re3 {[%emt 0:02:07]} f5 {[%emt 0:00:29]} 32. gxf5 {[%emt 0:01:44]} Rf6 {[%emt 0:01:39]} 33. Rg3 {[%emt 0:00:34]} Rg8 {[%emt 0:00:17]} 34. d6 {[%emt 0:00:19]} Qxc3 {[%emt 0:00:36]} 35. Rxc3 {[%emt 0:01:35]} Nxf5+ {[%emt 0:00:05]} 36. Kh2 {[%emt 0:01:45]} Nxh4 {[%emt 0:00:32]} 37. Rxf6 {[%emt 0:00:05]} exf6 {[%emt 0:00:41]} 38. Rh3 {[%emt 0:02:37]} f5 {[%emt 0:05:34]} 39. Rxh4 {[%emt 0:00:09]} Bg6 {[%emt 0:00:43]} 40. d7 {[%emt 0:00:00]} Rd8 {[%emt 0:00:00]} 41. Bxf5 {[%emt 0:00:31]} 1-0

[Event "6th Cattolica Open 2019"]
[Site "Cattolica"]
[Date "2019.06.13"]
[Round "8.10"]
[White "Vovk, Yuri"]
[Black "Souhardo Basak"]
[Result "1-0"]
[WhiteElo "2586"]
[BlackElo "2104"]
[Annotator "RC"]
[PlyCount "105"]
[EventDate "2019.06.08"]
[EventType "swiss"]
[EventCountry "ITA"]
[SourceTitle "playchess.com"]
[Source "ChessBase"]
[SourceQuality "1"]
[TimeControl "40/5400+30:900+30"]

1. Nf3 {[%emt 0:07:11]} d6 {[%emt 0:00:00]} 2. d4 {[%emt 0:00:38]} g6 {[%emt 0:00:01]} 3. c4 {[%emt 0:00:59]} Bg7 {[%emt 0:00:06]} 4. Nc3 {[%emt 0:03:43]} Nf6 {[%emt 0:00:09]} 5. e4 {[%emt 0:03:08]} O-O {[%emt 0:00:08]} 6. Be2 {[%emt 0:03:25]} e5 {[%emt 0:00:08]} 7. d5 {[%emt 0:00:03]} Nbd7 {[%emt 0:01:08]} 8. Bg5 {[%emt 0:00:22]} h6 {[%emt 0:01:44]} 9. Bh4 {[%emt 0:00:04]} a6 {[%emt 0:06:13]} 10. O-O {[%emt 0:03:23]} g5 {[%emt 0:05:52]} 11. Bg3 {[%emt 0:00:01]} Nh5 {[%emt 0:00:08]} 12. Ne1 {[%emt 0:00:43]} Nf4 {[%emt 0:00:17]} 13. Bg4 {[%emt 0:04:39]} Nf6 {[%emt 0:02:04]} 14. Bxc8 {[%emt 0:02:31]} Qxc8 {[%emt 0:00:02]} 15. Nc2 {[%emt 0:00:28]} h5 {[%emt 0:10:19]} 16. f3 {[%emt 0:00:48]} Kh8 {[%emt 0:06:15]} 17. Ne3 {[%emt 0:00:30]} Ng8 {[%emt 0:00:52]} 18. Bf2 {[%emt 0:13:23]} Nh6 {[%emt 0:00:31]} 19. Qc2 {[%emt 0:13:02]} Bf6 {[%emt 0:08:53]} 20. Kh1 {[%emt 0:05:27]} Rg8 {[%emt 0:04:15]} 21. Nf5 {[%emt 0:05:02]} Qf8 {[%emt 0:03:04]} 22. Be3 {[%emt 0:02:07]} h4 {[%emt 0:06:40]} 23. g3 {[%emt 0:04:59]} Nh5 {[%emt 0:08:14]} 24. g4 {[%emt 0:02:18]} Nf4 {[%emt 0:00:27]} 25. Qb3 {[%emt 0:02:34]} b6 {[%emt 0:01:37]} 26. Nxh6 {[%emt 0:00:49]} Qxh6 {[%emt 0:00:12]} 27. Qa4 {[%emt 0:00:03]} Qf8 {[%emt 0:02:02]} 28. b4 {[%emt 0:01:42]} a5 {[%emt 0:02:26]} 29. Nb5 {[%emt 0:01:08]} axb4 {[%emt 0:00:29]} 30. Qxb4 {[%emt 0:00:14]} Qe7 {[%emt 0:00:50]} 31. a4 {[%emt 0:00:39]} Ra6 {[%emt 0:00:29]} 32. Ra3 {[%emt 0:03:06]} Rga8 {[%emt 0:00:51]} 33. Rfa1 {[%emt 0:00:13]} Qd8 {[%emt 0:02:55]} 34. Qd2 {[%emt 0:03:54]} Ra5 {[%emt 0:00:37]} 35. Qb2 {[%emt 0:00:43]} Qd7 {[%emt 0:02:16]} 36. Bd2 {[%emt 0:00:20]} R5a6 {[%emt 0:00:05]} 37. a5 {[%emt 0:00:46]} bxa5 {[%emt 0:01:02]} 38. Rxa5 {[%emt 0:01:18]} Rxa5 {[%emt 0:00:13]} 39. Rxa5 {[%emt 0:01:29]} Rxa5 {[%emt 0:00:01]} 40. Bxa5 {[%emt 0:00:00]} c6 {[%emt 0:00:00]} 41. Nc7 {[%emt 0:00:07]} cxd5 {[%emt 0:00:51]} 42. Qb5 {[%emt 0:02:32]} Qe7 {[%emt 0:03:27]} 43. cxd5 {[%emt 0:01:39]} Kh7 {[%emt 0:01:40]} 44. Qc6 {[%emt 0:03:23]} Bg7 {[%emt 0:01:07]} 45. Bb6 {[%emt 0:11:32]} Ne2 {[%emt 0:09:28]} 46. Ne8 {[%emt 0:02:16]} Nd4 {[%emt 0:00:05]} 47. Qc8 {[%emt 0:00:39]} h3 {[%emt 0:03:16]} 48. Bc7 {[%emt 0:01:29]} Nb5 {[%emt 0:01:16]} 49. Bb8 {[%emt 0:02:32]} Bf8 {[%emt 0:00:33]} 50. Qf5+ {[%emt 0:00:36]} Kh6 {[%emt 0:01:56]} 51. Nf6 {[%emt 0:00:09]} Kg7 {[%emt 0:00:09]} 52. Qxg5+ {[%emt 0:00:33]} Kh8 {[%emt 0:00:07]} 53. Qg8# {[%emt 0:00:04]} 1-0

[Event "6th Cattolica Open 2019"]
[Site "Cattolica"]
[Date "2019.06.13"]
[Round "8.11"]
[White "Borges, Guilherme Deola"]
[Black "Romanishin, Oleg M"]
[Result "0-1"]
[WhiteElo "2171"]
[BlackElo "2451"]
[Annotator "TA"]
[PlyCount "116"]
[EventDate "2019.06.08"]
[EventType "swiss"]
[EventCountry "ITA"]
[SourceTitle "playchess.com"]
[Source "ChessBase"]
[SourceQuality "1"]

{[%evp 14,116,19,7,9,0,-4,-20,-18,-19,-15,-27,-8,-16,-21,-35,-35,-35,-33,-33,-35,-35,-35,-53,-52,-63,-63,-52,-52,-58,-43,-58,-51,-63,-63,-63,-63,-60,-55,-104,-92,-104,-104,-104,-104,-104,-104,-135,-133,-127,-120,-107,-107,-187,-171,-185,-152,-210,-78,-85,-87,-518,-518,-436,-503,-456,-470,-383,-367,-465,-358,-327,-320,-280,0,-668,-437,-1059,-788,-714,-695,-746,-552,-1058,-984,-1583,-1399,-1115,-1022,-1221,-1063,-29962,-29962,-29963,-29964,-29963,-29964,-29959,-29959,-29959,-29961,-29961,-29962,-6095,-5443]} 1. d4 Nf6 2. c4 e6 3. Nc3 Bb4 4. e3 O-O 5. Nge2 d5 6. a3 Be7 7. cxd5 Nxd5 8. Bd2 Nd7 {E46: Nimzo-Indian: Rubinstein: 4 e3 0-0 5 Ne2 without early Bd3} 9. Nxd5 (9. g3 b6 10. Nxd5 exd5 11. Bg2 Bb7 12. Bb4 Nf6 13. O-O Re8 14. Rc1 c6 15. Bxe7 Rxe7 16. Re1 {1-0 (29) Carlsen,M (2864)-Anand,V (2786) Moscow 2013}) 9... exd5 10. g3 $146 ({Predecessor:} 10. Ng3 g6 11. Qc2 a5 12. Bd3 c5 13. dxc5 Nxc5 14. Bc3 Bd7 15. O-O Rc8 16. Qe2 {½-½ (32) Graf,A (2630)-Sargissian,G (2572) Istanbul 2003}) 10... Nf6 {The position is equal.} 11. Bg2 Bf5 12. O-O Qd7 13. Re1 Rfe8 14. Rc1 c6 15. f3 h5 16. h4 Bd6 17. b4 Bd3 18. Nf4 Bxf4 19. exf4 Rxe1+ 20. Bxe1 Bc4 21. Bf2 Re8 22. Rc3 Re7 23. Re3 Rxe3 24. Bxe3 Ne8 25. Bf2 Nd6 26. Kh2 Qe7 27. Bh3 Qe2 28. Qxe2 Bxe2 $17 {[%mdl 4096] Endgame KBB-KBN} 29. Kg2 f5 30. Be3 Kf7 31. Kf2 {[#]} Bd3 $1 32. Ke1 Nc4 33. Bf2 (33. Bc1 $17) 33... g6 ({Weaker is} 33... Nxa3 34. Kd2 $11) 34. a4 Ke6 35. a5 (35. Bg1 $17 {was called for.}) 35... b6 (35... Kd7 $19 {and Black stays clearly on top.} 36. Kd1 Kc7) 36. axb6 axb6 37. Bf1 $2 {[%mdl 8192]} (37. Kd1 $17) 37... Bxf1 $19 38. Kxf1 {KB-KN} Kd6 39. Ke2 Kc7 40. Kd3 Kb7 41. Be1 Ka6 42. Kc3 Kb5 43. Kb3 Ne3 $2 ({Black should play} 43... Nd6 $19 {Hoping for ...Nc4.} 44. Bd2 Nf7) 44. Bf2 $2 {[%mdl 8192]} (44. Bd2 $11 Nf1 45. Be1) 44... Nf1 45. g4 (45. Kc3 $142 Nh2 46. Be3) 45... Nd2+ 46. Kc3 Nc4 47. Kb3 Nd6 48. g5 {White hopes to continue with Be3.} Ne8 49. Be3 Nc7 50. Bc1 Ne6 51. Be3 {[#]} c5 $1 52. bxc5 bxc5 53. dxc5 d4 54. Bd2 Nxc5+ 55. Kc2 Kc4 56. Ba5 Ne6 57. Bd2 d3+ 58. Kb2 Nd4 {Accuracy: White = 32%, Black = 73%.} 0-1

[Event "6th Cattolica Open 2019"]
[Site "Cattolica"]
[Date "2019.06.14"]
[Round "9.1"]
[White "Martinez Alcantara, Jose Eduardo"]
[Black "Basso, Pier Luigi"]
[Result "1/2-1/2"]
[WhiteElo "2583"]
[BlackElo "2539"]
[Annotator "ChessBase"]
[PlyCount "41"]
[EventDate "2019.06.08"]
[EventType "swiss"]
[EventCountry "ITA"]
[SourceTitle "playchess.com"]
[Source "ChessBase"]
[SourceQuality "1"]
[TimeControl "40/5400+30:900+30"]

1. e4 {[%emt 0:00:00]} e5 {[%emt 0:03:20]} 2. Nf3 {[%emt 0:00:00]} Nc6 {[%emt 0:00:19]} 3. Bb5 {[%emt 0:01:38]} Nf6 {[%emt 0:00:14]} 4. O-O {[%emt 0:02:29]} Nxe4 {[%emt 0:00:11]} 5. Re1 {[%emt 0:01:03]} Nd6 {[%emt 0:00:09]} 6. Nxe5 {[%emt 0:00:04]} Be7 {[%emt 0:00:05]} 7. Bf1 {[%emt 0:02:50]} Nxe5 {[%emt 0:00:11]} 8. Rxe5 {[%emt 0:00:02]} O-O {[%emt 0:00:10]} 9. d4 {[%emt 0:01:35]} Bf6 {[%emt 0:00:14]} 10. Re1 {[%emt 0:04:39]} Nf5 {[%emt 0:01:45]} 11. c3 {[%emt 0:02:22]} d5 {[%emt 0:01:07]} 12. Bf4 {[%emt 0:02:54]} c6 {[%emt 0:01:27]} 13. Nd2 {[%emt 0:05:49]} Nh4 {[%emt 0:03:06]} 14. Bd3 {[%emt 0:03:24]} Bf5 {[%emt 0:01:15]} 15. Bxf5 {[%emt 0:01:54]} Nxf5 {[%emt 0:00:06]} 16. Nf3 {[%emt 0:00:05]} Be7 {[%emt 0:02:10]} 17. Qd3 {[%emt 0:01:10]} g6 {[%emt 0:00:43]} 18. h3 {[%emt 0:01:54]} Bd6 {[%emt 0:00:22]} 19. Bxd6 {[%emt 0:01:37]} Qxd6 {[%emt 0:00:12]} 20. Re2 {[%emt 0:00:46]} Rae8 {[%emt 1:22:54]} 21. Rae1 {[%emt 1:04:15]} 1/2-1/2